Scripture index to The new international dictionary of New Testament theology, and index to selected extrabiblical literature (Record no. 323)

000 -LEADER
fixed length control field 00918nam a2200229 a 4500
001 - CONTROL NUMBER
control field :::00013476$&:&@@
003 - CONTROL NUMBER IDENTIFIER
control field OkBaRHE
005 - DATE AND TIME OF LATEST TRANSACTION
control field 20100323203649.0
008 - FIXED-LENGTH DATA ELEMENTS--GENERAL INFORMATION
fixed length control field s1985 j 000 0 eng u
020 ## - INTERNATIONAL STANDARD BOOK NUMBER
International Standard Book Number 0310445019 (pbk.)
040 ## - CATALOGING SOURCE
Transcribing agency
100 1# - MAIN ENTRY--PERSONAL NAME
Personal name Townsley, David.
245 10 - TITLE STATEMENT
Title Scripture index to The new international dictionary of New Testament theology, and index to selected extrabiblical literature
Statement of responsibility, etc David Townsley and Russell Bjork.
260 ## - PUBLICATION, DISTRIBUTION, ETC. (IMPRINT)
Place of publication, distribution, etc Grand Rapids, Mich.
Name of publisher, distributor, etc Regency Reference Library
Date of publication, distribution, etc 1985
300 ## - PHYSICAL DESCRIPTION
Extent 320 p. ;
Dimensions 24 cm.
650 ## - SUBJECT ADDED ENTRY--TOPICAL TERM
Topical term or geographic name as entry element Bible. N.T. Dictionaries
General subdivision Indexes.
650 ## - SUBJECT ADDED ENTRY--TOPICAL TERM
Topical term or geographic name as entry element Bible. N.T. Theology
General subdivision Dictionaries
-- Indexes.
650 ## - SUBJECT ADDED ENTRY--TOPICAL TERM
Topical term or geographic name as entry element The New international dictionary of New Testament theology
General subdivision Indexes.
700 ## - ADDED ENTRY--PERSONAL NAME
Personal name Bjork, Russell.
942 ## - ADDED ENTRY ELEMENTS (KOHA)
Source of classification or shelving scheme
Koha item type Books
Copies
Damaged status Price effective from Collection code Permanent Location Full call number Date last seen Source of classification or shelving scheme Copy number Shelving location Barcode Withdrawn status Koha item type Not for loan Lost status Date acquired
 2010-04-14ReferenceRHEMA Bible Training CollegeBS 2397. N483 T682018-03-16 1General Stacks13476 Books  2010-04-14